00730cam a22002417a 4500003000500000005001700005008004100022010001000063011001000073035001000083040000900093082001700102100002100119245003500140260005800175300002000233490003600253650001700289650002700306710005800333710006100391830003600452CHAP20220817042242.0971013s1986 r 00010 d a38751 a39723 a43848 cCHAP a080bC5 v.1800aPeña, Antonio.14aLas membranas de las células aMéxico, D.F. :bFondo de Cultura Económica,c1986 a161 p.b: ilus. 3aLa ciencia desde Méxicov; 1814aCitología.14aMembranas (Biología)0 aConsejo Nacional de Ciencia y Tecnología. México.0 aMéxico. Dirección General de Planeación Educativa. 3aLa ciencia desde Méxicov; 18